000 00688nam a2200217 a 4500
001 52078
003 BD-RjUL
005 20211209075742.0
008 160905s1953 nyua b 001 0 eng
035 _a(BD-RjUL)52198
040 _aBD-RjUL
_cOClU
_dOCoLC
_dTxKT
_dDLC
_beng
041 _aeng
082 _223
_a338.5072
_bBAP 1953
100 1 _aBackman, Jules,
_d1910-
_9155753
245 1 0 _aPrice practices and price policies :
_bselected writings /
_cJules Backman.
260 _aNew York :
_bRonald Press Co.,
_c1953
300 _axiv, 660 p. :
_bill. ;
_c24 cm.
504 _aIncludes bibliographical references and index.
650 0 _aPrices
_zUnited States.
_9155754
942 _2ddc
_cBK
999 _c52078
_d52078